| 000 | 01381nam0a22003131 4500 | ||
|---|---|---|---|
| 001 | rc\4252947 | ||
| 005 | 20130416114235.2 | ||
| 021 |
_aRU _b[64-91116] |
||
| 035 | _a(NLR Aleph) 008477347 | ||
| 090 |
_a7968110 _c7968110 |
||
| 100 | _a20130416d1964 |||y0rusy50 ca | ||
| 101 | 0 | _arus | |
| 102 | _aRU | ||
| 105 | _ay z ||||| | ||
| 200 | 1 | _aО влиянии ядерного взаимодействия нейтронов на парамагнитный резонанс. Р-1840 | |
| 210 |
_a[Дубна _cБ. и. _d1964] |
||
| 215 |
_a6 с. _d22 |
||
| 225 | 1 |
_aОбъединенный институт ядерных исследований _fЛаборатория высоких энергий. Лаборатория теорет. физики |
|
| 300 | _aПеред загл. авт.: В.Г. Барышевский, В.Л. Любошиц, М.И. Подгорецкий | ||
| 606 |
_aНейтроны _xВзаимодействие _2psbo |
||
| 606 |
_aЯдерный магнитный резонанс _2psbo |
||
| 700 | 1 |
_aБарышевский _bВ. Г. _gВладимир Григорьевич |
|
| 701 | 1 |
_aПодгорецкий _bМ. И. |
|
| 701 | 1 |
_aЛюбошиц _bВ. Л. _f1937- _gВладимир Львович _3RU\NLR\AUTH\7713862 |
|
| 801 | 0 |
_aRU _bNLR _gpsbo |
|
| 801 | 1 |
_aRU _bELAR _2rusmarc |
|
| 852 |
_aNLR _j64-6/13584 |
||
| 942 | _cBOOK | ||
| 980 | _aNB | ||